Które miasto ma większą populację? - Statystyki

Ogólne statystyki
  • Ten quiz został rozwiązany 19 razy
    9 od ostatniego zresetowania
  • Średni wynik to 14 z 20
Statystyki odpowiedzi
Zagadnienie Odpowiedź % Poprawnych
Bydgoszcz czy Bytom? Bydgoszcz
100%
Bisztynek czy Chojnice? Chojnice
100%
Czaplinek czy Resko? Czaplinek
100%
Kielce czy Częstochowa? Częstochowa
100%
Dobre Miasto czy Czarna Woda? Dobre Miasto
100%
Brusy czy Działdowo? Działdowo
100%
Głogów Małopolski czy Pruchnik? Głogów Małopolski
100%
Góra czy Cegłów? Góra
100%
Halinów czy Góra Kalwaria? Góra Kalwaria
100%
Hrubieszów czy Cedynia? Hrubieszów
100%
Tuchola czy Iława? Iława
100%
Janowiec Wielkopolski czy Rajgród? Janowiec Wielkopolski
100%
Kraków czy Wrocław? Kraków
100%
Poznań czy Łódź? Łódź
100%
Mogilno czy Mogielnica? Mogilno
100%
Wiskitki czy Mszczonów? Mszczonów
100%
Opatów czy Opatowiec? Opatów
100%
Sokołów Podlaski czy Ostrołęka? Ostrołęka
100%
Koprzywnica czy Parczew? Parczew
100%
Piła czy Biała Podlaska? Piła
100%
Międzybórz czy Pionki? Pionki
100%
Koszyce czy Radymno? Radymno
100%
Szamotuły czy Głowno? Szamotuły
100%
Tomaszów Mazowiecki czy Tomaszów Lubelski? Tomaszów Mazowiecki
100%
Warka czy Michałowo? Warka
100%
Pilica czy Warta? Warta
100%
Brzeziny czy Wieluń? Wieluń
100%
Wisła czy Wiślica? Wisła
100%
Wolbórz czy Wolbrom? Wolbrom
100%
Włocławek czy Zabrze? Zabrze
100%
Chełm czy Zamość? Zamość
100%
Elbląg czy Suwałki? Elbląg
80%
Sierpc czy Pruszcz? Sierpc
80%
Ostrołęka czy Grudziądz? Grudziądz
75%
Sianów czy Połczyn-Zdrój? Połczyn-Zdrój
75%
Brańsk czy Jeziorany? Brańsk
67%
Środa Wielkopolska czy Ciechanów? Ciechanów
67%
Ustroń czy Czeladź? Czeladź
67%
Siedlce czy Gliwice? Gliwice
67%
Mława czy Lubin? Lubin
67%
Nowy Sącz czy Stary Sącz? Nowy Sącz
67%
Świdnica czy Ostrów Wielkopolski? Ostrów Wielkopoalski
67%
Wałbrzych czy Ruda Śląska? Ruda Śląska
67%
Sędziszów czy Sędziszów Małopolski? Sędziszów Małopolski
67%
Warszawa czy Płock? Warszawa
67%
Wilamowice czy Pyzdry? Wilamowice
67%
Skierniewice czy Biała Podlaska? Biała Podlaska
50%
Dobra (Zachodniopomorskie) czy Dobra (Wielkopolskie)? Dobra (Zachodniopomorskie)
50%
Świątniki Górne czy Płońsk? Płońsk
50%
Opole czy Rybnik? Rybnik
50%
Słupsk czy Rumia? Słupsk
50%
Szubin czy Łochów? Szubin
50%
Ciechanowiec czy Toruń? Toruń
50%
Ujazd (Łódzkie) czy Ujazd (Opolskie)? Ujazd (Opolskie)
50%
Bolesławiec (Łódzkie) czy Bolesławiec (Dolnośląskie)? Bolesławiec (Dolnośląskie)
33%
Lewin Brzeski czy Radzyń Chełmiński? Lewin Brzeski
33%
Trzebiatów czy Lidzbark Warmiński? Lidzbark Warmiński
33%
Krapkowice czy Namysłów? Namysłów
33%
Szamocin czy Babimost? Szamocin
33%
Dęblin czy Łobżenica? Dęblin
0%
Cybinka czy Dobiegniew? Dobiegniew
0%
Gdańsk czy Sopot? Gdańsk
0%
Ryn czy Hel? Hel
0%
Kobyłka czy Radzyń Podlaski? Kobyłka
0%
Kazanów czy Koszyce? Koszyce
0%
Lidzbark czy Milanówek? Milanówek
0%
Nowogrodziec czy Glinojeck? Nowogrodziec
0%
Dobrzyca czy Opalenica? Opalenica
0%
Ostróda czy Mikołajki? Ostróda
0%
Piotrków Trybunalski czy Siemianowice Śląskie? Piotrków Trybunalski
0%
Praszka czy Ćmielów? Praszka
0%
Radoszyce czy Daleszyce? Radoszyce
0%
Skała czy Kamieńsk? Skała
0%
Sobków czy Sienno? Sobków
0%
Krynki czy Supraśl? Supraśl
0%
Imielin czy Świętochłowice? Świętochłowice
0%
Tomaszów Mazowiecki czy Kędzierzyn-Koźle? Tomaszów Mazowiecki
0%
Wągrowiec czy Żuromin? Wągrowiec
0%
Czarne czy Witkowo? Witkowo
0%
Zbąszyń czy Nowogród? Zbąszyń
0%
Złoczew czy Zelów? Zelów
0%
Nie znaleziono quizów pasujących do podanych kryteriów
Rozkład punktacji
Procent ludzi z każdym wynikiem
Percentyl według liczby udzielonych odpowiedzi
Twoja historia wyników
Nie rozwiązałeś tego quizu od ostatniego zresetowania